15 Largest Cities in Georgia🇬🇪 - Statistics

General Stats
  • This quiz has been taken 34 times
  • The average score is 7 of 15
Answer Stats
Population City % Correct
1 mil Tbilisi
100%
121k Batumi
89%
178k Kutaisi
82%
46k Gori
68%
50k Rust'avi
68%
47k P'ot'i
57%
21k Telavi
54%
73k Zugdidi
54%
81k Sokhumi
29%
28k Samtredia
25%
27k Khashuri
21%
30k Ts'khinvali
14%
25k Zestap'oni
14%
27k Senak'i
7%
26k Stantsiya Novyy Afon
4%
No matching quizzes found
Score Distribution
Percent of People with Each Score
Percentile by Number Answered
Your Score History
You have not taken this quiz